| 000 | 01071nas a2200361 4500 | ||
|---|---|---|---|
| 001 | BR2012000172 | ||
| 003 | BR-BrBNA | ||
| 005 | 20231205115932.0 | ||
| 007 | ta | ||
| 008 | 230509b bl.|||p| |||| 00| 00por d | ||
| 040 |
_aBR-BrBNA _bpor _cBiblioteca Nacional de Agricultura |
||
| 041 | _a(Pt) | ||
| 072 | _aF03; H20 | ||
| 100 | 1 | _aStroschein, M.R.D. | |
| 100 | 1 | _aSá, E.L.S. de | |
| 100 | 1 | _aMachado, R.G. | |
| 100 | 1 | _aCabral, T. de L. | |
| 100 | 1 | _aBruxel, M. | |
| 100 | 1 | _aGiongo, A. | |
| 100 | 1 | _aFontoura, R.C. da | |
| 245 | 1 | _aCaracterização e influência de rizóbios isolados de alfafa na germinação e desenvolvimento inicial de plântulas de arroz | |
| 650 | _aARROZ | ||
| 650 | _aRHIZOBIUM | ||
| 650 | _aALFAFA | ||
| 650 | _aSEMENTE | ||
| 650 | _aGERMINAÇÃO | ||
| 650 | _aINOCULAÇÃO | ||
| 650 | _aMICRORGANISMO | ||
| 650 | _aÁCIDO INDOLACETICO | ||
| 773 | 0 |
_tCiência Rural (Brazil) _xISSN 0103-8478 _g(Oct 2011), v. 41(10) p. 1738-1743 _wBR2012000172 |
|
| 909 |
_a202311 _bLúcia _c55 _dLúcia Elande |
||
| 942 |
_2AGRIS _n0 _cANA |
||
| 999 |
_c216374 _d216374 |
||